000 00204nam a22000977a 4500
082 _a823
_bCHA/M
100 _aCHANDRASENA, NEDUMGOLAM
245 _aMOHASALABHANGAL
650 _aMALAYALAM STORY
942 _cBK
999 _c7722
_d7722